| 000 | 00458nam a22001577a 4500 | ||
|---|---|---|---|
| 003 | OSt | ||
| 008 | 260429b |||||||| |||| 00| 0 eng d | ||
| 082 |
_a634.725 _bR14T |
||
| 100 | _aKumar, Rajiv | ||
| 245 | _aImproving Yield and Quality attributes of Cape Goose Berry With Chemicals and Plant Growth Regulators | ||
| 260 |
_aPusa, Samastipur _bRAU _c2002 |
||
| 300 | _a64P. | ||
| 502 |
_bMsc. _d2002 |
||
| 650 | _aFruit & Fruit Technology | ||
| 942 |
_2ddc _cT |
||
| 999 |
_c50249 _d50249 |
||